00735nam a2200229Ii 45000010005000000030009000050080041000140200015000550400033000700410008001030820018001111000029001292450014001582640036001723000012002083360026002203370028002463380027002749400050003019990017003519520137003684570CO-ViMGA241108s9999||||xx |||||||||||||| ||und|| a8430611207 aCO-ViMGAbspaerdacCO-ViMGA0 aspa04a615.7883 B4681 aWalter Benjamín95259510aHaschisch 1aMadrid, España : Taurus, 1984 avolumen atextbtxt2rdacontent aunmediatedbn2rdamedia avolumebnc2rdacarrier aidficha_siabuc: 4456. -- ficha_no_siabuc:4570 c47388d47388 001040708001aMEVIGERRbMEVIGERRcGENd2006-11-27o615.7883 B468pECA3489r2024-11-26 09:37:15tEj.1w2024-11-26yBKz4456 | 6492